Participants Olympiades saison 3 Pierre Croce - Statistiques

Statistiques générales
  • Ce quiz a été pris 83 fois
  • Le résultat moyen est 7 sur 10
Statistiques - réponses
Épreuve d'élimination Participant % Correct
Pétanque Benjamin Verrecchia
100%
Vainqueur Fred
96%
Uber Eats Lucas Studio
93%
Toupie Alaïa
78%
Beer Pong Ninoul
71%
Lets Sing Anthony Lastella
62%
Cache-cache Raven
62%
Expérience scientifique Alexandre
59%
Brico L au carré
38%
Petit Bac LouanneManShow
28%
Aucun quiz correspondant
Distribution des résultats
% des personnes avec chaque résultat
Percentile par nombre de réponses
Votre historique - résultats
Vous n’avez pas pris ce quiz